[Event "Erfurt op Seniors 29th"]
[Site "Erfurt"]
[Date "2019.12.30"]
[Round "5"]
[White "Albrecht, Ulrich"]
[Black "Lehmann, Manfred"]
[Result "1/2-1/2"]
[WhiteElo "2061"]
[BlackElo "1841"]
[PlyCount "47"]
[EventDate "2019.12.26"]
[EventType "swiss"]
[EventRounds "5"]
[EventCountry "GER"]
[SourceTitle "CBM 194 Extra"]
[Source "ChessBase"]
[SourceDate "2020.03.31"]
[SourceVersion "1"]
[SourceVersionDate "2020.03.31"]
[SourceQuality "1"]

1. d4 d5 2. c4 e6 3. Nc3 Nf6 4. Bg5 Be7 5. e3 Nbd7 6. Nf3 0-0 7. Qc2 b6 8. cxd5 exd5 9. Bd3 Bb7 10. 0-0 h6 11. Bh4 c5 12. dxc5 bxc5 13. Rfd1 Nb6 14. Rac1 Ne8 15. Bxe7 Qxe7 16. Ne2 Rc8 17. Bf5 Rc7 18. Ng3 Nd6 19. b4 c4 20. a3 Bc8 21. Bxc8 Rfxc8 22. Nd4 g6 23. h3 a6 24. Nde2 1/2-1/2